Detection of torque variation in bolted joints structures using a new sensor made of natural rubber filled with carbon black and carbon nanotubes (Record no. 75845)

MARC details
000 -LEADER
fixed length control field 00732nam a22002177a 4500
100 ## - MAIN ENTRY--AUTHOR NAME
Personal name Preto, E.
245 ## - TITLE STATEMENT
Title Detection of torque variation in bolted joints structures using a new sensor made of natural rubber filled with carbon black and carbon nanotubes
260 ## - PUBLICATION, DISTRIBUTION, ETC. (IMPRINT)
Name of publisher Journal of Intelligent Material Systems and Structure, 36(8): 531-542.
Year of publication 2025
300 ## - PHYSICAL DESCRIPTION
Other physical details Online
650 ## - SUBJECT ADDED ENTRY--TOPICAL TERM
Topical Term Piezoresistive sensor
650 ## - SUBJECT ADDED ENTRY--TOPICAL TERM
Topical Term Nanocomposite sensor
650 ## - SUBJECT ADDED ENTRY--TOPICAL TERM
Topical Term Conductive rubber
650 ## - SUBJECT ADDED ENTRY--TOPICAL TERM
Topical Term Bolted joints
650 ## - SUBJECT ADDED ENTRY--TOPICAL TERM
Topical Term Detection of loss torque
700 ## - ADDED ENTRY--PERSONAL NAME
Personal name Barboni, P.R.
700 ## - ADDED ENTRY--PERSONAL NAME
Personal name Malmonge, J.A.
700 ## - ADDED ENTRY--PERSONAL NAME
Personal name da Silva, S.
856 ## - ELECTRONIC LOCATION AND ACCESS
Uniform Resource Identifier https://doi: 10.1177/1045389X251319393
942 ## - ADDED ENTRY ELEMENTS (KOHA)
Koha item type Journals
Holdings
Withdrawn status Lost status Damaged status Not for loan Home library Current library Date acquired Koha item type
        RRII Library RRII Library 23/02/2026 Journals